1737 1139 1446 1959 1815 1288 1018 1242 1977 1661 1762 1045 1838 1501 1309 1955 1293 1014 1929 1977 1063 1098 1896 1896 1293 1661 1196 1695 1547 1172 1904 1902 1221 1936 1888 1893 1176 1034 1332 1945 1486 1681 1313 1716 1572 1716 1015 1672 1533 1386 1519 1373 1270 1768 1337 1228 1318 1505 1286 1491 1108 1334 1824 1362 1613 1778 1027 1828 1558 1901 1309 1718 1038 1259 1442 1182 1957 1676 1521 1137 1787 1266 1066 1111 1691 1519 1140 1628 1458 1503 1637 1452 1200 1374 1165 1856 1427 1766 1217 BCNSPRNW ULIB Ver.6.0+V

เปลี่ยนเป็นภาษาไทย

Change to English
 แสดงรายละเอียดบรรณานุกรม
  กลับหน้าหลัก

Brief Record : Get Marc (ISO 2709) : E-mail record : QR code < ปิดหน้าต่าง
LEADER : 00000nam 2200000uu 4500
001    13399112866
003     ULIB
008    110914s2552||||th 000 0 tha d
020    9786115000173
090    นว.^bณ429ร 2552
100 0  ณารา
245 00 รักร้าย/^cณารา
250    พิมพ์ครั้งที่ 4
260    กรุงเทพฯ :^bพิมพ์คำ,^c2552
300    532 หน้า
945    ^p320^l0^i16308
995    กัณชพร
999    ^aใช้งานได้ทุกระบบ
รายการนี้ยังไม่มีแท็ก
คุณยังไม่ได้ล็อกอิน คุณสามารถมีกิจกรรมร่วมกับเว็บไซต์ได้ แต่ต้องล็อกอินก่อน ::
  ล็อกอิน

รายการสื่อสารสนเทศ

ลำดับที่ ประเภท เลขเรียก/บาร์โค้ด สถานที่ สถานะ
1. นวนิยาย
นวนิยาย
นว. ณ429ร 2552  
  Barcode: 16308
ห้องสมุดวิทยาเขตสวรรค์ประชารักษ์
►นวนิยาย
บนชั้น
  ขอยืม

รายการใกล้เคียง
    ผู้แต่ง [ณารา]

BibComment


ยังไม่เคยถูกคอมเมนท์

คอมเมนท์ทรัพยากรรายการนี้
  คอมเมนท์: รักร้าย ณารา


 Copyright 2026. Bcnsprnw @Library